El capuchino retirado por diez dias en si mismo : exercicios espirituales ajustados al uso, regla, y constituc iones de los frayles menores, capuchinos de S. Francisco. Por un religios del mismo Orden de la provincia de Brescia / y traducido del italiano en lengua castellana por el M. R. P. Fr. Francisco de Santander, difinidor general de todo el Orden de Menores Capuchinos

Detalles Bibliográficos
Formato: Libro
Lenguaje:Spanish
Publicado: Madrid : por D. Manuel Martin, 1780.
Materias:
Colección:Banco de datos
Acervo:Biblioteca de la Orden de Carmelitas Descalzas de San José y Santa Teresa de Puebla. Puebla
Descripción Física:[5] h., 556 p., [5] h. ; 16°
Tema general:Ascética
Notas:Portada tipográfica con viñeta y pleca en grabado xilográfico. Texto a renglón seguido. Incluye cabecera de título en grabado xilográfico. Incluye capitular floreada en grabado xilográfico. Encuadernación en piel sobre cartón con broches. Ex libris manuscrito en la guarda anterior: "De la libreria del Convento de Puebla"
LEADER 01289nam a22001690004500
035 |a 239 
041 0 |a spa 
245 1 0 |a El capuchino retirado por diez dias en si mismo : exercicios espirituales ajustados al uso, regla, y constituc iones de los frayles menores, capuchinos de S. Francisco. Por un religios del mismo Orden de la provincia de Brescia / y traducido del italiano en lengua castellana por el M. R. P. Fr. Francisco de Santander, difinidor general de todo el Orden de Menores Capuchinos 
260 |a Madrid : por D. Manuel Martin, 1780. 
300 |a [5] h., 556 p., [5] h. ; 16° 
500 |a Portada tipográfica con viñeta y pleca en grabado xilográfico. Texto a renglón seguido. Incluye cabecera de título en grabado xilográfico. Incluye capitular floreada en grabado xilográfico. Encuadernación en piel sobre cartón con broches. Ex libris manuscrito en la guarda anterior: "De la libreria del Convento de Puebla"  
504 |a Al final de la obra está el índice de capítulos 
650 1 0 |a Ascética 
949 |a Fondo Bibliográfico Antiguo de las Carmelitas Descalzas de San José y Santa Teresa, Puebla, Puebla 376 
942 |c CARMELITAS 
943 |g Biblioteca de la Orden de Carmelitas Descalzas de San José y Santa Teresa de Puebla. Puebla 
999 |c 950698  |d 950698